<?xml version="1.0" encoding="UTF-8"?>
<marc:record xmlns:marc="http://www.loc.gov/MARC21/slim">
   <marc:leader>00000nam a2200000 a 4500</marc:leader>
   <marc:datafield ind1="1" ind2=" " tag="100">
      <marc:subfield code="a">Schlesiger, Gabriela</marc:subfield>
      <marc:subfield code="4">aut</marc:subfield>
      <marc:subfield code="e">Verfasser/-in</marc:subfield>
   </marc:datafield>
   <marc:datafield ind1=" " ind2=" " tag="653">
      <marc:subfield code="a">Luft</marc:subfield>
   </marc:datafield>
   <marc:datafield ind1="0" ind2="0" tag="245">
      <marc:subfield code="a">Die Luft</marc:subfield>
   </marc:datafield>
   <marc:datafield ind1="0" ind2="0" tag="245">
      <marc:subfield code="b">Kopiervorlagen für einen handlungsorientierten und fächerverbindenden Sachunterricht in der Grundschule</marc:subfield>
   </marc:datafield>
   <marc:datafield ind1="0" ind2="0" tag="245">
      <marc:subfield code="c">Gabriela Schlesiger</marc:subfield>
   </marc:datafield>
   <marc:datafield ind1=" " ind2="1" tag="264">
      <marc:subfield code="a">Donauwörth</marc:subfield>
      <marc:subfield code="b">Auer</marc:subfield>
      <marc:subfield code="c">1999</marc:subfield>
   </marc:datafield>
   <marc:datafield ind1=" " ind2=" " tag="250">
      <marc:subfield code="a">1. Aufl.</marc:subfield>
   </marc:datafield>
   <marc:datafield ind1="1" ind2=" " tag="520">
      <marc:subfield code="a">Damit Kinder die Zusammenhänge in der Natur  achten und beachten können, ist es wichtig,  sie schon so früh wie möglich erleben,  begreifen und verstehen zu lernen. Das  Themenheft Luft enthält eine Fülle von moti-&lt;br/&gt;vierenden, handlungsorientierten Materialien.  Die Kinder entdecken die Luft beobachtend,  prüfend, experimentierend, vergleichend,  messend usw. Aus ihrer Erfahrungswelt heraus  erschließen sie sich ganzheitlich ein Stück  Wirklichkeit. Das Heft eignet sich hervorra-&lt;br/&gt;gend für fächerverbindende Unterrichtsgestal-&lt;br/&gt;tung. Alle Seiten eignen sich auch zur Frei-&lt;br/&gt;arbeit mit Kontrollmöglichkeit. Darüber  hinaus ist das Arbeitsmaterial einsetzbar&lt;br/&gt;- für alleinigen Forscherdrang am Nachmittag &lt;br/&gt;  zu Hause&lt;br/&gt;- mit Eltern, Großeltern, Geschwistern, &lt;br/&gt;  Freunden in der Ferien- und Freizeit.&lt;br/&gt;Dieses Heft begeistert und hilft allen  Schülern, das Element Luft in neuer und  spannender Weise zu erlebe, begreifen und  verstehen.&lt;br/&gt; </marc:subfield>
   </marc:datafield>
   <marc:datafield ind1=" " ind2=" " tag="041">
      <marc:subfield code="a">ger</marc:subfield>
   </marc:datafield>
   <marc:datafield ind1=" " ind2=" " tag="300">
      <marc:subfield code="b">Beckmann, Christina</marc:subfield>
   </marc:datafield>
   <marc:datafield ind1="1" ind2=" " tag="521">
      <marc:subfield code="a">0</marc:subfield>
   </marc:datafield>
   <marc:datafield ind1=" " ind2=" " tag="300">
      <marc:subfield code="a">48 S.</marc:subfield>
   </marc:datafield>
</marc:record>
